ENCHIRIDION INDULGENTIARUM. PRECES ET PIA OPERA. (Record no. 276164)
[ view plain ]
| 000 -LEADER | |
|---|---|
| fixed length control field | 01215nam a2200229Ia 4500 |
| 001 - CONTROL NUMBER | |
| control field | L250-17008 |
| 003 - CONTROL NUMBER IDENTIFIER | |
| control field | IT-CnALBA |
| 008 - FIXED-LENGTH DATA ELEMENTS--GENERAL INFORMATION | |
| fixed length control field | 170116s9999||||xx |||||||||||||| ||und|| |
| 040 ## - CATALOGING SOURCE | |
| Original cataloging agency | IT-CnALBA |
| Transcribing agency | IT-CnALBA |
| 041 ## - LANGUAGE CODE | |
| Language code of text/sound track or separate title | LATINO |
| 999 ## - SYSTEM CONTROL NUMBERS (KOHA) | |
| Koha Dewey Subclass [OBSOLETE] | NO |
| 100 ## - MAIN ENTRY--PERSONAL NAME | |
| Personal name | SENZA AUTORE |
| 245 #0 - TITLE STATEMENT | |
| Title | ENCHIRIDION INDULGENTIARUM. PRECES ET PIA OPERA. |
| 250 ## - EDITION STATEMENT | |
| Edition statement | 1a ed. |
| 260 ## - PUBLICATION, DISTRIBUTION, ETC. (IMPRINT) | |
| Place of publication, distribution, etc. | ROMAE. |
| Name of publisher, distributor, etc. | TYPIS POLIGLOTTIS VATICANIS. |
| Date of publication, distribution, etc. | 1950 [1° Ed.:1950 - Ed.Ling.Originale: 1950] |
| 300 ## - PHYSICAL DESCRIPTION | |
| Extent | 679 p. |
| 500 ## - GENERAL NOTE | |
| General note | DIO UNO E TRINO. PADRE. FIGLIO. NOME DI GESÙ. GESÙ BAMBINO. EUCARISTICO. CROCIFISSO. SANGUE DI GESÙ. SACRO CUORE. CRISTO RE. S. FAMIGLIA. SPIRITO SANTO. MARIA VERGINE. ADDOLORATA. CUORE DI MARIA. ROSARIO. CARMELO. S. MICHELE. SANTI APOSTOLI. SAN GIUSEPPE. |
| 501 ## - WITH NOTE | |
| With note | Società San Paolo EM - Piazza San Paolo, 14 - 12051 ALBA (CN) (non commercial uses only) ® Copyright 2017 |
| 520 ## - SUMMARY, ETC. | |
| Summary, etc. | DIO UNO E TRINO. PADRE. FIGLIO. NOME DI GESÙ. GESÙ BAMBINO. EUCARISTICO. CROCIFISSO. SANGUE DI GESÙ. SACRO CUORE. CRISTO RE. S. FAMIGLIA. SPIRITO SANTO. MARIA VERGINE. ADDOLORATA. CUORE DI MARIA. ROSARIO. CARMELO. S. MICHELE. SANTI APOSTOLI. SAN GIUSEPPE. |
| 650 ## - SUBJECT ADDED ENTRY--TOPICAL TERM | |
| Topical term or geographic name as entry element | TEOLOGIA PASTORALE |
| 942 ## - ADDED ENTRY ELEMENTS (KOHA) | |
| Koha item type | LIBRO |
| 957 ## - | |
| -- | 1 |
| 999 ## - SYSTEM CONTROL NUMBERS (KOHA) | |
| -- | Copie: 1 |
| Withdrawn status | Lost status | Damaged status | Not for loan | Home library | Current library | Date acquired | Total Checkouts | Full call number | Date last seen | Price effective from | Koha item type | Public note |
|---|---|---|---|---|---|---|---|---|---|---|---|---|
| Buone Condizioni | Not For Loan | ALBA - Biblioteca | ALBA - Biblioteca | 16/01/2017 | L250-17008 | 16/01/2017 | 16/01/2017 | LIBRO | (data import: 16 gennaio 2017) - By Epidotti, Vaglietti. |